000 00433nam a2200157Ia 4500
003 GCL
008 140319s9999 xx 000 0 eng d
040 _aGCL /
_cGCL
082 0 4 _a515.1
_bO A
100 1 _aO'NEIL, PETER V.
245 1 0 _aADVANCED ENGINEERING MATHMATICS /
_cO'NEIL, PETER V.
260 _a[S.N] :
_bWADSWORTH PUBLISHING COMPANY ،
_c1986
300 _a1122 P
650 0 4 _aENGINEERING MATHEMATICS
942 _2ddc
_cBK
999 _c17435
_d17435